Romancero de Germaní : (Record no. 1952)
[ view plain ]
| 000 -CABECERA | |
|---|---|
| campo de control de longitud fija | 00716nam a2200205 a 4500 |
| 001 - NÚMERO DE CONTROL | |
| campo de control | 000002092 |
| 005 - FECHA Y HORA DE LA ÚLTIMA TRANSACCIÓN | |
| campo de control | 20200929145829.0 |
| 008 - DATOS DE LONGITUD FIJA--INFORMACIÓN GENERAL | |
| campo de control de longitud fija | 720330s1967 sp d 001 p spa |
| 040 ## - FUENTE DE LA CATALOGACIÓN | |
| Centro catalogador/agencia de origen | DO-SdBNP |
| Lengua de catalogación | spa |
| Centro/agencia transcriptor | BNPHU |
| 082 ## - NÚMERO DE LA CLASIFICACIÓN DECIMAL DEWEY | |
| Número de clasificación | 808.81 |
| Número de documento/Ítem | R758g |
| 245 00 - MENCIÓN DE TÍTULO | |
| Título | Romancero de Germaní : |
| Resto del título | antología / |
| Mención de responsabilidad, etc. | selección y estudio preliminar de José Hesse. |
| 260 ## - PUBLICACIÓN, DISTRIBUCIÓN, ETC. | |
| Lugar de publicación, distribución, etc. | Madrid : |
| Nombre del editor, distribuidor, etc. | Taurus, |
| Fecha de publicación, distribución, etc. | 1967. |
| 300 ## - DESCRIPCIÓN FÍSICA | |
| Extensión | 175 p. ; |
| Dimensiones | 19 cm. |
| 490 1# - MENCIÓN DE SERIE | |
| Mención de serie | Temas de España |
| Designación de volumen o secuencia | 51 |
| 500 ## - NOTA GENERAL | |
| Nota general | Incluye referencias bibliográficas y notas al pie de las páginas |
| 650 #4 - PUNTO DE ACCESO ADICIONAL DE MATERIA--TÉRMINO DE MATERIA | |
| Término de materia o nombre geográfico como elemento de entrada | Poesía española |
| Subdivisión general | Colecciones |
| Subdivisión cronológica | 1500-1700. |
| 9 (RLIN) | 6735 |
| 650 #4 - PUNTO DE ACCESO ADICIONAL DE MATERIA--TÉRMINO DE MATERIA | |
| Término de materia o nombre geográfico como elemento de entrada | Literatura española |
| 9 (RLIN) | 632 |
| 700 12 - PUNTO DE ACCESO ADICIONAL--NOMBRE DE PERSONA | |
| Nombre de persona | Hesse, José, |
| Término indicativo de función/relación | comp. |
| 9 (RLIN) | 6736 |
| 830 #0 - PUNTO DE ACCESO ADICIONAL DE SERIE-TÍTULO UNIFORME | |
| Título uniforme | Temas de España ; |
| Número de parte o sección de la obra | 51 |
| 9 (RLIN) | 6737 |
| Estado de retiro | Estado de pérdida | Restricciones de uso | No para préstamo | Código de colección | Localización permanente | Ubicación/localización actual | Ubicación en estantería | Fecha de adquisición | Número de inventario | Total de préstamos | Signatura topográfica completa | Código de barras | Fecha visto por última vez | Precio válido a partir de | Tipo de ítem Koha | Número de copia |
|---|---|---|---|---|---|---|---|---|---|---|---|---|---|---|---|---|
| Excluido de préstamo | Monografías: Libros y Folletos | General | General | Depósito | 08.07.2009 | LF1 | 808.81 R758g | 2092-10 | 25.06.2020 | 25.06.2020 | No se presta | |||||
| Excluido de préstamo | Monografías: Libros y Folletos | General | General | Depósito | 30.03.2017 | LF1 | 808.81 R758g | 2092-20 | 25.06.2020 | 25.06.2020 | No se presta | e. 2 |
